| 000 | 00732cam a22002175a 4500 | ||
|---|---|---|---|
| 001 | L157150 | ||
| 008 | 120910s2012 xxk f 000 0 eng d | ||
| 020 | _a9780415896993 | ||
| 035 | _a(Sirsi) u157150 | ||
| 041 | 0 | _aeng | |
| 050 | 0 | 4 | _a658.20285 $2 18 |
| 245 | 0 | 0 |
_aManaging organizational ecologies _bspace, management, and organizations |
| 260 |
_aNew York _aLondon _bRoutledge _c2012 |
||
| 300 |
_axviii, 265p. _c24cm. |
||
| 520 | _aLooks at the ways in which changes in the organisation of physical space can affect the performance of those occupying that space. | ||
| 651 | 4 |
_aUnited Kingdom _y |
|
| 690 |
_aFacilities management _96240 |
||
| 700 | 1 |
_aAlexander, Keith _eEd. |
|
| 700 | 1 |
_aPrice, Ifryn _eEd. |
|
| 942 | _n0 | ||
| 999 |
_c114629 _d114629 |
||